| 000 | 00821nam a22002657a 4500 | ||
|---|---|---|---|
| 003 | dpl | ||
| 005 | 20170124110237.0 | ||
| 008 | 161212b xxu||||| |||| 00| 0 eng d | ||
| 010 | _aB-058652 | ||
| 020 |
_c00.00 _a817391401X |
||
| 035 | _aB-058652 | ||
| 037 | _bCen Lib/Ret | ||
| 040 |
_aDPL _bEN _cTIT |
||
| 082 |
_a155.2 _bSHA |
||
| 100 |
_aSharma, R.P. _942316 |
||
| 245 |
_aHuman personality in ancient Indian thought / _cby R.P.Sharma |
||
| 246 | _b | ||
| 260 |
_bKanishka Publishers _c2001 _aNew Delhi |
||
| 270 |
_a4697/5-21A, Ansari Road, Daryaganj _bNew Delhi _e110002 |
||
| 300 |
_axiv,136p. _c20cm(Hb) |
||
| 500 | _aIncludes bibliographical references | ||
| 650 |
_aPersonality (Theory of knowledge) _942317 |
||
| 650 |
_aHindu philosophy _942318 |
||
| 942 |
_2ddc _cEN _h155.2 _mSHA |
||
| 999 |
_c134965 _d134965 |
||